[Event "Olympiad Women-44"]
[Site "Chennai"]
[Date "2022.08.09"]
[Round "11.4"]
[White "Khan, Nazrana"]
[Black "Bouah, Denise"]
[Result "1-0"]
[WhiteElo "1829"]
[BlackElo "1736"]
[PlyCount "53"]
[EventDate "2022.07.29"]
[EventType "team-swiss"]
[EventRounds "11"]
[EventCountry "IND"]
[SourceTitle "CBM 210"]
[Source "ChessBase"]
[SourceDate "2022.10.31"]
[SourceVersion "1"]
[SourceVersionDate "2022.10.31"]
[SourceQuality "1"]
[WhiteTeam "Bangladesh (W)"]
[BlackTeam "South Africa (W)"]
[WhiteTeamCountry "BAN"]
[BlackTeamCountry "RSA"]

1. d4 d5 2. c4 c6 3. Nf3 Nf6 4. Nc3 dxc4 5. a4 Bf5 6. Ne5 Na6 7. f3 Nd7 8. Nxc4 e5 9. e4 exd4 10. Qxd4 Nb4 11. Qd1 Be6 12. Be3 Bxc4 13. Bxc4 Ne5 14. Be2 Ned3+ 15. Bxd3 Nxd3+ 16. Ke2 Nxb2 17. Qxd8+ Rxd8 18. Bxa7 Bb4 19. Rhc1 Ra8 20. Bd4 0-0 21. Nd5 cxd5 22. Bxb2 dxe4 23. fxe4 Rfd8 24. Rd1 Rxd1 25. Rxd1 Kf8 26. Rd4 Rxa4 27. Rxb4 1-0

[Event "South African op"]
[Site "Cape Town"]
[Date "2022.07.16"]
[Round "9"]
[White "Bouah, Denise"]
[Black "Nelson, Jaco"]
[Result "1/2-1/2"]
[WhiteElo "1736"]
[BlackElo "1762"]
[PlyCount "42"]
[EventDate "2022.07.09"]
[EventType "swiss"]
[EventRounds "11"]
[EventCountry "RSA"]
[SourceTitle "CBM 209 Extra"]
[Source "ChessBase"]
[SourceDate "2022.09.30"]
[SourceVersion "1"]
[SourceVersionDate "2022.09.30"]
[SourceQuality "1"]

1. e4 d5 2. exd5 Qxd5 3. Nc3 Qd6 4. d4 Nf6 5. Nf3 a6 6. h3 b5 7. a4 b4 8. Ne2 Nd5 9. g3 Bf5 10. Bg2 Nd7 11. Nh4 Be6 12. c4 bxc3 13. bxc3 c6 14. 0-0 N7f6 15. a5 g6 16. c4 Nb4 17. Bf4 Qd7 18. Qb3 Bxh3 19. Qxb4 Bxg2 20. Nxg2 e5 21. Qe1 Qd8 1/2-1/2

[Event "South African op"]
[Site "Cape Town"]
[Date "2022.07.15"]
[Round "8"]
[White "Taute, Clayden"]
[Black "Bouah, Denise"]
[Result "0-1"]
[WhiteElo "1384"]
[BlackElo "1736"]
[PlyCount "66"]
[EventDate "2022.07.09"]
[EventType "swiss"]
[EventRounds "11"]
[EventCountry "RSA"]
[SourceTitle "CBM 209 Extra"]
[Source "ChessBase"]
[SourceDate "2022.09.30"]
[SourceVersion "1"]
[SourceVersionDate "2022.09.30"]
[SourceQuality "1"]

1. c4 c5 2. Nc3 g6 3. g3 Bg7 4. Bg2 Nc6 5. e4 d6 6. Nge2 e6 7. d3 Nge7 8. 0-0 a6 9. Be3 Nd4 10. a4 Rb8 11. Bxd4 cxd4 12. Nb1 0-0 13. Nd2 Nc6 14. f4 Ne7 15. Nf3 e5 16. h3 f5 17. Kh2 fxe4 18. dxe4 b6 19. Qd3 Bb7 20. b4 Kh8 21. b5 h6 22. Nd2 Qd7 23. Nc1 axb5 24. axb5 Ra8 25. Rxa8 Bxa8 26. Qa3 Ng8 27. Nd3 Re8 28. Nb4 Nf6 29. Nd5 Bxd5 30. cxd5 Rc8 31. Qa6 Qd8 32. Ra1 exf4 33. gxf4 Nh5 0-1

[Event "Speed Chess (Women) Q2"]
[Site "Chess.com INT"]
[Date "2020.06.19"]
[Round "9"]
[White "Bouah, Denise"]
[Black "Nikulina, Alena"]
[Result "1-0"]
[WhiteElo "1770"]
[BlackElo "1887"]
[PlyCount "161"]
[EventDate "2020.06.19"]
[EventType "swiss (blitz)"]
[EventRounds "13"]
[EventCountry "USA"]
[SourceTitle "CBM 196 Extra"]
[Source "ChessBase"]
[SourceDate "2020.07.31"]
[SourceVersion "1"]
[SourceVersionDate "2020.07.31"]
[SourceQuality "1"]

1. e4 c5 2. d3 Nc6 3. Nd2 d6 4. g3 g6 5. Bg2 Bg7 6. f4 e6 7. Ngf3 Nge7 8. c3 a6 9. 0-0 0-0 10. Re1 d5 11. e5 b5 12. Nf1 Bb7 13. d4 cxd4 14. cxd4 Rc8 15. Be3 Nf5 16. Bf2 Na5 17. g4 Ne7 18. Ng3 Nc4 19. b3 Nb6 20. h4 a5 21. Qd3 b4 22. f5 Rc3 23. Qd2 exf5 24. gxf5 Nxf5 25. Nxf5 gxf5 26. Ng5 h6 27. Nh3 Kh7 28. Nf4 Bc8 29. Nh5 Rg8 30. Rac1 Rxc1 31. Rxc1 Be6 32. Qf4 Kh8 33. Be3 Qf8 34. Nf6 Bxf6 35. exf6 Rg6 36. Rc6 Nd7 37. Kf2 Nxf6 38. Bh3 Ng4+ 39. Bxg4 Rxg4 40. Qe5+ Qg7 41. Qb8+ Kh7 42. Qh2 Qf6 43. Bf4 Rxh4 44. Qg3 Rg4 45. Qf3 Qg6 46. Rc7 h5 47. Re7 h4 48. Qh3 Qg5 49. Bxg5 Rxg5 50. Qxh4+ Kg6 51. Re8 Rh5 52. Qg3+ Kf6 53. Rd8 Rg5 54. Qe5+ Ke7 55. Qd6+ Kf6 56. Rf8 Rg4 57. Qd8+ Kg6 58. Rg8+ Kh5 59. Rh8+ Kg6 60. Qg8+ Kf6 61. Qd8+ Kg6 62. Rg8+ Kh5 63. Rxg4 Kxg4 64. Qg8+ Kf4 65. Qa8 Ke4 66. Qxa5 Kxd4 67. Qxb4+ Ke5 68. a4 f4 69. a5 d4 70. a6 Bd5 71. a7 Ke4 72. Qe1+ Kf5 73. b4 d3 74. b5 f3 75. b6 Kf4 76. Qd2+ Ke4 77. Qa2 Ba8 78. Qa4+ Kd5 79. Qe8 Bb7 80. Qd8+ Kc6 81. Qxd3 1-0

[Event "Speed Chess (Women) Q1"]
[Site "Chess.com INT"]
[Date "2020.06.18"]
[Round "9"]
[White "Bouah, Denise"]
[Black "Swati, Mohota"]
[Result "0-1"]
[WhiteElo "1770"]
[BlackElo "2027"]
[PlyCount "180"]
[EventDate "2020.06.18"]
[EventType "swiss (blitz)"]
[EventRounds "9"]
[EventCountry "USA"]
[SourceTitle "CBM 196 Extra"]
[Source "ChessBase"]
[SourceDate "2020.07.31"]
[SourceVersion "1"]
[SourceVersionDate "2020.07.31"]
[SourceQuality "1"]

1. e4 c6 2. d4 d5 3. Nd2 dxe4 4. Nxe4 Nd7 5. Nf3 Ngf6 6. Bd3 Nxe4 7. Bxe4 Nf6 8. Bd3 Bg4 9. c3 e6 10. 0-0 Be7 11. h3 Bh5 12. Be2 0-0 13. Re1 c5 14. dxc5 Qxd1 15. Bxd1 Bxc5 16. Nd4 Bxd4 17. cxd4 Bxd1 18. Rxd1 Nd5 19. Be3 Rac8 20. Rac1 f6 21. Rc5 b6 22. Rcc1 Kf7 23. a3 Ke7 24. Kf1 Kd7 25. Ke2 h6 26. Kd3 f5 27. Bd2 g5 28. h4 Rxc1 29. Bxc1 Rg8 30. hxg5 hxg5 31. Rh1 Rg7 32. Bd2 Kd6 33. Rh5 g4 34. Rh6 Rc7 35. Rh8 Kc6 36. Bg5 Kb5 37. Bd8 Rc8 38. Bf6 Nf4+ 39. Kd2 Rxh8 40. Bxh8 Nxg2 41. Be5 Nh4 42. Ke3 Ng6 43. Bb8 a5 44. Kd3 Kc6 45. Kc4 b5+ 46. Kd3 Kd5 47. b3 Nh4 48. a4 bxa4 49. bxa4 Ng2 50. Bc7 Ne1+ 51. Ke2 Nc2 52. Kd3 Nb4+ 53. Kc3 Nc6 54. Kd3 e5 55. dxe5 Nxe5+ 56. Ke3 Nc4+ 57. Kf4 Ke6 58. Bd8 Nb2 59. f3 gxf3 60. Kxf3 Nxa4 61. Bxa5 Nc5 62. Bd2 Nd3 63. Be3 Ke5 64. Bd2 Nc5 65. Be3 Ne6 66. Bd2 Kf6 67. Be3 Kg6 68. Bd2 Kh5 69. Be3 Kg6 70. Bd2 Nd4+ 71. Ke3 Nb3 72. Be1 Kg5 73. Kf3 Nd4+ 74. Kg3 f4+ 75. Kg2 Kg4 76. Kf2 Nc2 77. Bd2 f3 78. Bc1 Nb4 79. Be3 Nd3+ 80. Kf1 Kg3 81. Kg1 Ne5 82. Bd4 Ng4 83. Bc5 Nf6 84. Bd4 Ne4 85. Bb6 Nc3 86. Bc5 Ne2+ 87. Kf1 Nf4 88. Kg1 Nh3+ 89. Kf1 Ng5 90. Kg1 Ne4 0-1

[Event "Olympiad Women-43"]
[Site "Batumi"]
[Date "2018.10.01"]
[Round "7.37"]
[White "Agrest, Inna"]
[Black "Bouah, Denise"]
[Result "1-0"]
[WhiteElo "2283"]
[BlackElo "1780"]
[PlyCount "63"]
[EventDate "2018.09.24"]
[EventType "team-swiss"]
[EventRounds "11"]
[EventCountry "GEO"]
[SourceTitle "EXT 2020"]
[Source "ChessBase"]
[SourceDate "2019.10.17"]
[SourceVersion "1"]
[SourceVersionDate "2019.10.17"]
[SourceQuality "1"]
[WhiteTeam "Sweden (W)"]
[BlackTeam "South Africa (W)"]
[WhiteTeamCountry "SWE"]
[BlackTeamCountry "RSA"]

1. e4 c5 2. Nf3 e6 3. d4 cxd4 4. Nxd4 Nc6 5. Nc3 Qc7 6. Be3 a6 7. Qf3 Ne5 8. Qg3 Nf6 9. 0-0-0 h5 10. f4 Nc4 11. Bxc4 Qxc4 12. e5 Ng4 13. Kb1 Nxe3 14. Qxe3 b5 15. Nb3 a5 16. Rd4 Qc6 17. Rd2 Bb4 18. Nd4 Qc5 19. Rd3 Ba6 20. Ne4 Qa7 21. Qg3 Kf8 22. f5 Bc5 23. Nb3 Bb6 24. Rhd1 d5 25. exd6 exf5 26. d7 Rd8 27. Qd6+ Kg8 28. Nf6+ gxf6 29. Rg3+ Kh7 30. Qxf6 Rhg8 31. Qxf7+ Kh6 32. Rd6+ 1-0

[Event "Pretoria Capablanca B"]
[Site "Pretoria"]
[Date "2018.04.29"]
[Round "6"]
[White "Masiya, Mfundo"]
[Black "Bouah, Denise"]
[Result "1/2-1/2"]
[WhiteElo "1949"]
[BlackElo "1804"]
[PlyCount "86"]
[EventDate "2018.04.27"]
[EventType "tourn"]
[EventRounds "9"]
[EventCountry "RSA"]
[SourceTitle "CBM 184 Extra"]
[Source "ChessBase"]
[SourceDate "2018.06.28"]
[SourceVersion "1"]
[SourceVersionDate "2018.06.28"]
[SourceQuality "1"]

1. b3 c5 2. Bb2 e6 3. e3 Nc6 4. f4 d5 5. Bb5 Bd7 6. Nf3 Nf6 7. d3 Be7 8. 0-0 0-0 9. Nbd2 Rc8 10. Qe2 a6 11. Bxc6 Bxc6 12. Ne5 Be8 13. Rf3 Nd7 14. Rh3 f6 15. Nxd7 Qxd7 16. Rf1 b5 17. c4 Bg6 18. e4 bxc4 19. dxc4 d4 20. Qf3 e5 21. f5 Be8 22. Qg4 g5 23. Rd3 h5 24. Qg3 Kg7 25. h4 g4 26. Qe1 Kh7 27. Bc1 Rg8 28. Nb1 Qc7 29. g3 Bc6 30. Qe2 Qb7 31. Re1 Bf8 32. Bd2 Rb8 33. Kh2 Bh6 34. Bxh6 Kxh6 35. Nd2 Rge8 36. Qd1 Bd7 37. Qc1 Kh7 38. Qa3 Qb6 39. Kg1 Kg7 40. Kf2 Bc6 41. Qc1 Qb7 42. Qd1 Kh7 43. Qe2 Re7 1/2-1/2

[Event "Pretoria Capablanca B"]
[Site "Pretoria"]
[Date "2018.04.27"]
[Round "1"]
[White "Vasco Mateus, Felizardo Viagei"]
[Black "Bouah, Denise"]
[Result "0-1"]
[WhiteElo "1593"]
[BlackElo "1804"]
[PlyCount "74"]
[EventDate "2018.04.27"]
[EventType "tourn"]
[EventRounds "9"]
[EventCountry "RSA"]
[SourceTitle "CBM 184 Extra"]
[Source "ChessBase"]
[SourceDate "2018.06.28"]
[SourceVersion "1"]
[SourceVersionDate "2018.06.28"]
[SourceQuality "1"]

1. e4 c5 2. Nf3 e6 3. d4 cxd4 4. Nxd4 Nc6 5. Nb3 Qc7 6. Nc3 a6 7. a4 Nf6 8. Bd3 Bb4 9. Bd2 0-0 10. 0-0 Ne5 11. f4 Nc4 12. Bxc4 Qxc4 13. e5 Ne8 14. Qh5 g6 15. Qh6 f6 16. Rae1 Be7 17. Re4 Qc6 18. a5 b5 19. axb6 Qxb6+ 20. Be3 Qc7 21. Bd4 Bb7 22. Re3 Rf7 23. Rg3 Ng7 24. exf6 Nf5 25. Rxg6+ hxg6 26. Qxg6+ Kf8 27. fxe7+ Kxe7 28. Qg5+ Kf8 29. Bf6 Qc6 30. Rf2 d6 31. Nd4 Nxd4 32. Qh6+ Ke8 33. Bxd4 Kd7 34. f5 exf5 35. Re2 Re8 36. Qg6 Qc4 37. Re3 f4 0-1

[Event "RSA-ch (Women)"]
[Site "Durbanville"]
[Date "2017.12.18"]
[Round "10"]
[White "Van Niekerk, Megan C"]
[Black "Bouah, Denise"]
[Result "1/2-1/2"]
[WhiteElo "1654"]
[BlackElo "1831"]
[PlyCount "66"]
[EventDate "2017.12.09"]
[EventType "tourn"]
[EventRounds "11"]
[EventCountry "RSA"]
[SourceTitle "CBM 182 Extra"]
[Source "ChessBase"]
[SourceDate "2018.02.23"]
[SourceVersion "1"]
[SourceVersionDate "2018.02.23"]
[SourceQuality "1"]

1. d4 Nf6 2. Nd2 c5 3. c3 b6 4. Ngf3 Bb7 5. e3 g6 6. Bd3 Bg7 7. Qe2 cxd4 8. exd4 d5 9. Ne5 0-0 10. 0-0 Nfd7 11. Ndf3 Nc6 12. Bf4 Re8 13. Rfe1 Ncxe5 14. Nxe5 Nxe5 15. Bxe5 f6 16. Bg3 e5 17. Bb5 Re6 18. dxe5 fxe5 19. Rad1 Kh8 20. Bc4 Qd7 21. Bxd5 Bxd5 22. c4 Bxc4 23. Rxd7 Bxe2 24. Rxe2 Rc8 25. Kf1 a5 26. Rd5 e4 27. b3 Bf6 28. Rd6 Rxd6 29. Bxd6 Rc1+ 30. Re1 Rc2 31. Re2 Rc1+ 32. Re1 Rc2 33. Re2 Rc1+ 1/2-1/2

[Event "Johannesburg PSS Prestige op"]
[Site "Johannesburg"]
[Date "2017.04.23"]
[Round "10"]
[White "Steyn, Hans"]
[Black "Bouah, Denise"]
[Result "1/2-1/2"]
[WhiteElo "1820"]
[BlackElo "1778"]
[PlyCount "44"]
[EventDate "2017.04.22"]
[EventType "swiss (rapid)"]
[EventRounds "10"]
[EventCountry "RSA"]
[SourceTitle "CBM 177 Extra"]
[Source "ChessBase"]
[SourceDate "2017.04.27"]
[SourceVersion "1"]
[SourceVersionDate "2017.04.27"]
[SourceQuality "1"]

1. d4 d5 2. Nf3 Nf6 3. c4 c6 4. Qc2 dxc4 5. Qxc4 Bf5 6. Nc3 e6 7. e3 Be7 8. Be2 0-0 9. 0-0 Nbd7 10. a3 Rc8 11. b4 Qc7 12. Bb2 Bd6 13. Rac1 e5 14. dxe5 Nxe5 15. Nxe5 Bxe5 16. f4 Bd6 17. e4 Be6 18. Qd3 Bxf4 19. Nd5 Bxd5 20. exd5 Bxc1 21. Rxc1 Nxd5 22. Kh1 f5 1/2-1/2

[Event "Johannesburg PSS Prestige op"]
[Site "Johannesburg"]
[Date "2017.04.22"]
[Round "4"]
[White "Ateka, Nathan"]
[Black "Bouah, Denise"]
[Result "1-0"]
[WhiteElo "2123"]
[BlackElo "1778"]
[PlyCount "79"]
[EventDate "2017.04.22"]
[EventType "swiss (rapid)"]
[EventRounds "10"]
[EventCountry "RSA"]
[SourceTitle "CBM 177 Extra"]
[Source "ChessBase"]
[SourceDate "2017.04.27"]
[SourceVersion "1"]
[SourceVersionDate "2017.04.27"]
[SourceQuality "1"]

1. c4 f5 2. g3 Nf6 3. Bg2 g6 4. Nc3 d6 5. Nf3 Bg7 6. 0-0 0-0 7. d3 c6 8. Bd2 e5 9. b4 Qe7 10. Qb3 Kh8 11. b5 Be6 12. Ng5 Bg8 13. bxc6 Nxc6 14. Rab1 Rab8 15. e3 h6 16. Nf3 e4 17. dxe4 Nxe4 18. Nxe4 fxe4 19. Nd4 Ne5 20. Rbc1 Rfc8 21. Rfd1 Nxc4 22. Qb1 Nxd2 23. Rxd2 Rxc1+ 24. Qxc1 d5 25. Rc2 Be5 26. h4 a6 27. Ne2 Bf7 28. Bh3 g5 29. hxg5 hxg5 30. Nd4 Kh7 31. Nf5 Qf6 32. Rc8 g4 33. Bxg4 Be6 34. Rc7+ Kh8 35. Qc5 Bxc7 36. Qxc7 Rc8 37. Qf4 Bxf5 38. Bxf5 Rf8 39. g4 b5 40. Qh2+ 1-0

[Event "Johannesburg PSS Prestige op"]
[Site "Johannesburg"]
[Date "2017.04.22"]
[Round "1"]
[White "Bouah, Denise"]
[Black "Barrish, Daniel"]
[Result "0-1"]
[WhiteElo "1778"]
[BlackElo "2252"]
[PlyCount "50"]
[EventDate "2017.04.22"]
[EventType "swiss (rapid)"]
[EventRounds "10"]
[EventCountry "RSA"]
[SourceTitle "CBM 177 Extra"]
[Source "ChessBase"]
[SourceDate "2017.04.27"]
[SourceVersion "1"]
[SourceVersionDate "2017.04.27"]
[SourceQuality "1"]

1. e4 c5 2. Nf3 e6 3. d4 cxd4 4. Nxd4 a6 5. Be2 Nf6 6. Nc3 Bb4 7. Qd3 d6 8. 0-0 0-0 9. Bg5 Nbd7 10. Kh1 h6 11. Bxf6 Nxf6 12. a3 Bxc3 13. bxc3 Qc7 14. c4 e5 15. Nf5 Bxf5 16. exf5 e4 17. Qd4 Rfe8 18. g4 Qc6 19. h4 e3+ 20. f3 h5 21. Kh2 hxg4 22. fxg4 Re4 23. Qd3 Nxg4+ 24. Kg3 Ne5 25. Rf4 Nxd3 0-1

[Event "Olympiad Women-42"]
[Site "Baku"]
[Date "2016.09.12"]
[Round "10.1"]
[White "Monroy Garzon, Nataly Alejandra"]
[Black "Bouah, Denise"]
[Result "1-0"]
[WhiteElo "2105"]
[BlackElo "1803"]
[PlyCount "51"]
[EventDate "2016.09.02"]
[EventType "team-swiss"]
[EventRounds "11"]
[EventCountry "AZE"]
[SourceTitle "CBM 174 Extra"]
[Source "ChessBase"]
[SourceDate "2016.10.10"]
[SourceVersion "1"]
[SourceVersionDate "2016.10.10"]
[SourceQuality "1"]
[WhiteTeam "Bolivia (W)"]
[BlackTeam "South Africa (W)"]
[WhiteTeamCountry "BOL"]
[BlackTeamCountry "RSA"]

1. d4 d5 2. Nf3 Nf6 3. c4 c6 4. Nc3 Bf5 5. cxd5 Nxd5 6. Qb3 Nxc3 7. bxc3 Qb6 8. Nd2 e6 9. e4 Bg6 10. Bd3 Be7 11. Nc4 Qc7 12. Bf4 Qd7 13. Ne5 Qc8 14. h4 f6 15. Nxg6 hxg6 16. Bc4 Kf7 17. d5 cxd5 18. exd5 Re8 19. 0-0 g5 20. dxe6+ Kf8 21. hxg5 fxg5 22. Bg3 Nc6 23. Qb5 Bf6 24. Rad1 a6 25. Qf5 b5 26. Qg6 1-0

[Event "Olympiad Women-42"]
[Site "Baku"]
[Date "2016.09.04"]
[Round "3.57"]
[White "Wakuruwarewa, Colletta"]
[Black "Bouah, Denise"]
[Result "1-0"]
[WhiteElo "1716"]
[BlackElo "1803"]
[PlyCount "86"]
[EventDate "2016.09.02"]
[EventType "team-swiss"]
[EventRounds "11"]
[EventCountry "AZE"]
[SourceTitle "CBM 174 Extra"]
[Source "ChessBase"]
[SourceDate "2016.10.10"]
[SourceVersion "1"]
[SourceVersionDate "2016.10.10"]
[SourceQuality "1"]
[WhiteTeam "Zimbabwe (W)"]
[BlackTeam "South Africa (W)"]
[WhiteTeamCountry "ZIM"]
[BlackTeamCountry "RSA"]

1. e4 c5 2. Nf3 d6 3. Nc3 Nc6 4. d4 cxd4 5. Nxd4 Nf6 6. Be2 e5 7. Nf3 Be7 8. Be3 a6 9. 0-0 0-0 10. h3 b5 11. Bd3 Nb4 12. a3 Nxd3 13. cxd3 Bb7 14. Rc1 Rc8 15. Qb3 Qd7 16. Rfd1 h6 17. a4 Bc6 18. axb5 axb5 19. Ne2 Rfe8 20. Ng3 Bf8 21. Nf5 d5 22. Ng3 dxe4 23. dxe4 Qb7 24. Bc5 Nxe4 25. Bxf8 Nxg3 26. fxg3 Kxf8 27. Nh4 Red8 28. Nf5 Rxd1+ 29. Rxd1 Qb6+ 30. Kh2 b4 31. Nd6 Qf2 32. Rg1 Rb8 33. Qc4 Rb6 34. Nc8 Bb5 35. Qxb4+ Kg8 36. Nxb6 Qxb6 37. Rc1 Qa6 38. Rc5 Bc6 39. Qb8+ Kh7 40. Qxe5 Bb7 41. Rc7 Kg6 42. h4 Bc8 43. h5+ Kh7 1-0